000 00429nam a2200157 i 4500
001 bg
100 1 _aRUDNICKI, Cezary
245 0 _aAnalogowe układy scalone w sprzęcie radiowo-telewizyjnym /
_cCezary Rudnicki, Ryszard Gomuła.
250 _aWyd.2 popr. i uzup.
260 _aWarszawa,
_c1980.
700 1 _aGOMUŁA, Ryszard
040 _cBPK
041 _apol
942 _cKS
008 s pl f |000 0 pol
999 _c19391
_d19391
856 _uhttp://koha.tu.koszalin.pl/cgi-bin/koha/opac-detail.pl?biblionumber=19391
_yKatalog online BPK